000 00739nam a2200241Ia 4500
003 OSt
005 20220923223301.0
006 a|||||r|||| 00| 0
007 ta
008 220922b |||||||| |||| 00| 0 hin d
024 _a212,791
037 _cTextual
040 _aARTS
_cARTS
_bhin
041 _2hin
_ahin
082 _aO152,3N256,SP, J9
100 _aअमरकांत
_9156280
245 0 _aसूखा पत्ता
246 _aSūkhā pattā
260 _aदिल्ली
_b पीपुल्स पब्लि हाउस
_c1959
650 _aहिन्दी साहित्य
_9156264
942 _hO152,3N256,SP, J9
_cTEXL
_2CC
999 _c363065
_d363065